000 00699cam a2200217 4500500
005 20260405002227.0
041 _afre
042 _adc
100 1 0 _aGarnier, Philippe
_eauthor
245 0 0 _aHeinz Wismann: “Ce qui caractérise le projet philosophique occidental, c’est l’ambition du système”
260 _c2016.
500 _a31
690 _aFrédéric Nef
690 _aHeinz Wismann
690 _aOccident
690 _aOrient
690 _aphilo
690 _aphilosophie
786 0 _nPhilosophie magazine | 100 | 6 | 2016-06-01 | p. 27-27 | 1951-1787
856 4 1 _uhttps://shs.cairn.info/magazine-philosophie-magazine-2016-6-page-27?lang=fr&redirect-ssocas=7080
999 _c2055592
_d2055592